Baila, Tanya (Registro nro. 14731)

Detalles MARC
000 - LÍDER
campo de control de longitud fija 01089nam a2200337 i 4500
005 - FECHA Y HORA DE LA ÚLTIMA TRANSACCIÓN
campo de control 20210818182156.0
008 - ELEMENTOS DE DATOS DE LONGITUD FIJA - INFORMACIÓN GENERAL
campo de control de longitud fija 031016s2002 sp a br 000 jdspa d
020 ## - INTERNATIONAL STANDARD BOOK NUMBER
International Standard Book Number 848488032X
040 ## - FUENTE DE CATALOGACIÓN
Agencia de catalogación original COMFC
Lenguaje de catalogación spa
Descripción convenciones rda
041 1# - CÓDIGO DE LENGUAJE
Código de idioma de texto / pista de sonido o título separado spa
Código de idioma del original eng
099 ## - NÚMERO LOCAL DE LLAMADAS DE TEXTO LIBRE (OCLC)
Número de clasificación C LEEB
090 ## - NÚMERO DE LLAMADA DE TIPO LC LOCALMENTE ASIGNADO (OCLC)
Número de clasificación (OCLC) (R) C
Número de cortador local (OCLC) LEEB
100 #1 - ENTRADA PRINCIPAL - NOMBRE PERSONAL
Nombre de la persona Lee Gauch, Patricia
Término del Relator aut
245 10 - TÍTULO DECLARACIÓN
Título Baila, Tanya
Declaración de responsabilidad Patricia Lee Gauch; ilustrado por Satomi Ichikawa ; adaptación Miguel Ángel Mendo
250 ## - DECLARACIÓN DE EDICIÓN
Sentencia de edición Primera edición
264 01 - AVISO DE PRODUCCIÓN, PUBLICACIÓN, DISTRIBUCIÓN, FABRICACIÓN Y DERECHOS DE AUTOR
Lugar de producción Barcelona
Nombre del productor Serres
Fecha de producción 2002
300 ## - DESCRIPCIÓN FÍSICA
Alcance [30] páginas sin numerar
Otros datos físicos ilustraciones en color
Dimensiones 24 cm
336 ## - TIPO DE CONTENIDO
Fuente rdacontent
Tipo de contenido txt
337 ## - TIPO DE MEDIO
Fuente rdamedia
Término del tipo de medio n
338 ## - TIPO DE PORTADOR
Fuente rdacarrier
Término del tipo de operador nc
500 ## - NOTA GENERAL
Nota general Contiene información biográfica de la autora
534 ## - NOTA DE VERSIÓN ORIGINAL
Declaración de título del original Dance, Tanya
650 14 - ENTRADA DE SUJETO AÑADIDO - TÉRMINO TÓPICO
Término tópico o elemento de entrada del nombre geográfico CUENTOS INFANTILES
650 14 - ENTRADA DE SUJETO AÑADIDO - TÉRMINO TÓPICO
Término tópico o elemento de entrada del nombre geográfico LITERATURA INFANTIL
650 14 - ENTRADA DE SUJETO AÑADIDO - TÉRMINO TÓPICO
Término tópico o elemento de entrada del nombre geográfico NIÑOS EN LA LITERATURA
650 14 - ENTRADA DE SUJETO AÑADIDO - TÉRMINO TÓPICO
Término tópico o elemento de entrada del nombre geográfico DANZA EN LA LITERATURA
650 14 - ENTRADA DE SUJETO AÑADIDO - TÉRMINO TÓPICO
Término tópico o elemento de entrada del nombre geográfico LIBROS ILUSTRADOS PARA NIÑOS
700 1# - ENTRADA AGREGADA - NOMBRE PERSONAL
Nombre de la persona Ichikawa, Satomi
Término del Relator ill
700 1# - ENTRADA AGREGADA - NOMBRE PERSONAL
Nombre de la persona Mendo, Miguel Ángel
Fechas asociadas a un nombre 1949-,
Término del Relator adp
9 (RLIN) 50989
942 ## - ELEMENTOS DE ENTRADA AGREGADOS (KOHA)
Fuente de clasificación o esquema de estanterías Dewey Decimal Classification
Parte de clasificación C LEEB
Prefijo del número de llamada C
Sufijo del número de llamada LEEB
Existencias
Estado de retirada Pérdida de estatus Fuente de clasificación o esquema de estanterías Estado dañado No para préstamo Código de recogida Ubicación permanente Ubicación actual Ubicación de las estanterías Fecha de adquisición Total de Cajas Número Topográfico Código de barras Precio efectivo desde Número de copia Fecha de la última vez que se vio Tipo de artículo Koha Nota pública
    Dewey Decimal Classification     General Biblioteca Pública Departamental Comfamiliar Risaralda Biblioteca Pública Departamental Comfamiliar Risaralda Área General 06/03/2019   C LEEB 1004061 06/03/2019 Ej. 1 06/03/2019 Libro Cuentos Infantiles